Selected works in logic /

Guardado en:
Autor Principal: Skolem, Th. 1887-1963.
Otros Autores: Fenstad, Jens Erik. (Editor )
Formato: Libro
Idioma:English
German
French
Publicado: Oslo : Universitetsforlaget, 1970.
Series:Scandinavian university books
Etiquetas: Agregar Etiqueta
Sin Etiquetas, Sea el primero en etiquetar este registro!
LEADER 00834cam a22002295 4500
001 MAT.inmabb002028
008 700814s1970####no#c#####b####000#0deng#d
005 20160527114036.0
245 1 0 |a Selected works in logic /  |c by Th. Skolem ; edited by Jens Erik Fenstad. 
260 |a Oslo :  |b Universitetsforlaget,  |c 1970. 
300 |a 732 p. :  |b retr. ;  |c 26 cm. 
490 0 |a Scandinavian university books 
546 |a Trabajos en inglés, alemán o francés. 
504 |a "Scientific bibliography": p. 711-732. 
500 |a "A survey of Skolem's work in logic [by] Hao Wang": p. 17-52. 
510 4 |a MR,  |c 44 #2562 
100 1 |a Skolem, Th.  |q (Thoralf),  |d 1887-1963. 
700 1 |a Fenstad, Jens Erik.  |4 edt 
084 |a 03-06 (01A75 00B60)  |2 msc2000 
010 |a  74485971  
041 0 |a eng  |a ger  |a fre 
859 |h 03  |i Sk628  |p A-3673  |b BIB. MATEMATICA